| 000 | 03094nam a2200385 i 4500 | ||
|---|---|---|---|
| 001 | 000916830 | ||
| 005 | 20250331184439.0 | ||
| 007 | ta | ||
| 008 | 220608s2021 ck fr 000 0 spa d | ||
| 020 |
_a9789587971958 _qpapel |
||
| 020 | _a9587971957 | ||
| 040 |
_aCO-CtgCURN _bspa _ccoctgcurn |
||
| 043 | _as-ck--- | ||
| 082 | 0 | 4 |
_a345.86102323 _bL839d _223 |
| 100 | 1 |
_aLombana Villalba, Jaime, _eautor. |
|
| 245 | 1 | 4 |
_aLos delitos de concusión y cohecho / _cJaime Lombana Villalba. |
| 250 | _aPrimera edición. | ||
| 260 |
_aBogotá : _bLegis Editores, _c2021. |
||
| 260 | _c℗♭2021. | ||
| 300 |
_axviii, 237 páginas ; _c24 cm. |
||
| 336 |
_atexto _btxt _2rdacontent |
||
| 337 |
_asin mediación _bn _2rdamedia |
||
| 338 |
_avolumen _bnc _2rdacarrier |
||
| 500 | _aIncluye perfil académico del autor en las solapas del libro. | ||
| 504 | _aIncluye referencias bibliográficas. | ||
| 505 | 0 | _aCapítulo I. Corrupción, cohecho y concusión -- capítulo II. Bien jurídico tutelado -- capítulo III. La tipificación de la concusión en el Código Penal colombiano -- capítulo IV. La distinción entre los delitos de concusión y cohecho -- capítulo V. Le a tipificación del cohecho en el Código Penal colombiano. | |
| 520 | 1 |
_aEl presente libro sostiene la necesidad de diferenciación jurídico-penal del cohecho y la concusión. No existe consenso en las legislaciones iberoamericanas sobre si la conducta del servidor público que constriñe, induce o solicita una dádiva, dinero o cualquier otra utilidad, debe adecuarse normativamente como modalidad del cohecho, o si, por el contrario, debe tipificarse autónomamente como delito de concusión. En esta obra se realizan los análisis normativo y dogmático de estas conductas. En la práctica los operadores judiciales con frecuencia califican como cohecho conductas que objetiva y subjetivamente deben tipificarse como concusión, y condenan equivocadamente por cohecho activo conductas en las que el particular, o incluso otros servidores públicos, obran coaccionados, siendo víctimas de concusión y no sujetos activos de cohecho activo. Los delitos de cohecho y concusión tienen unos ingredientes normativos específicos que los diferencian entre sí, y existe una justificación político-criminal para tipificarlos de manera separada. Concretamente, frente a la protección del bien jurídico de la administración pública, resulta legítima y garantista la tipificación autónoma de la concusión. Así lo contempla la legislación penal colombiana, como se detallará en esta obra.-- contracubierta _ceditor. |
|
| 650 | 1 | 7 |
_aDelitos contra la administración pública _zColombia. _2LEMB |
| 650 | 1 | 7 |
_aDelitos de los funcionarios _xAspectos jurídicos _zColombia. _2LEMB |
| 650 | 1 | 7 |
_aCorrupción administrativa _xAspectos jurídicos _zColombia. _2LEMB |
| 650 | 1 | 7 |
_aCohecho _xAspectos jurídicos _zColombia. _2LEMB |
| 650 | 1 | 7 |
_aConcusión _xAspectos jurídicos _zColombia. _2LEMB |
| 942 |
_00 _2ddc _aMHC _cBKBK _h345.861023 _iL839d |
||
| 999 |
_c19945 _d19945 |
||